The noble scholar, jurist, historian


 His Excellency Dr. Abdul Wahhab bin Ibrahim Abu Sulaiman, may Allah have mercy on him.


 He was born in Umm Al-Qura in the year 1356 AH.

جامع خادم الحرمين الشريفين الملك عبد الله بن عبد العزيز للسنة النبوية المطهرة : (Record no. 13721)

MARC details
000 -LEADER
fixed length control field 01683cam a22002531i 4500
003 - CONTROL NUMBER IDENTIFIER
control field SA-RiAUC
005 - DATE AND TIME OF LATEST TRANSACTION
control field 20251225140855.0
008 - FIXED-LENGTH DATA ELEMENTS--GENERAL INFORMATION
fixed length control field 251123q20002023su f f000 0 ara c
040 ## - CATALOGING SOURCE
Original cataloging agency SA-RiDKA
Language of cataloging ara
Transcribing agency SA-RiAUC
Description conventions rda
082 04 - DEWEY DECIMAL CLASSIFICATION NUMBER
Classification number 230.285
Assigning agency SA-RiAUC
090 ## - LOCALLY ASSIGNED LC-TYPE CALL NUMBER (OCLC); LOCAL CALL NUMBER (RLIN)
Classification number (OCLC) (R) ; Classification number, CALL (RLIN) (NR) 230.285
Local cutter number (OCLC) ; Book number/undivided call number, CALL (RLIN) ر ئ ا
110 2# - MAIN ENTRY--CORPORATE NAME
Corporate name or jurisdiction name as entry element رئاسة إدارة البحوث العلمية والإفتاء والدعوة الإرشاد (السعودية)
Relator term مؤلف.
245 10 - TITLE STATEMENT
Title جامع خادم الحرمين الشريفين الملك عبد الله بن عبد العزيز للسنة النبوية المطهرة :
Remainder of title التوصيف العلمي، مجموعات العمل، الكتيب التعريف، دليل استخدام الأجهزة والهواتف الذكية /
Statement of responsibility, etc. الرئاسة العامة للبحوث العلمية والإفتاء.
264 #1 - PRODUCTION, PUBLICATION, DISTRIBUTION, MANUFACTURE, AND COPYRIGHT NOTICE
Place of production, publication, distribution, manufacture [السعودية] :
Name of producer, publisher, distributor, manufacturer الرئاسة العامة للبحوث العلمية والإفتاء،
Date of production, publication, distribution, manufacture, or copyright notice [بين 2000 و2023]
300 ## - PHYSICAL DESCRIPTION
Extent 177 صفحة ؛
Dimensions 24 سم
336 ## - CONTENT TYPE
Content type term نص
Content type code txt
Source rdacontent
Materials specified كتاب
337 ## - MEDIA TYPE
Media type term بدون وسيط
Media type code n
Source rdamedia
338 ## - CARRIER TYPE
Carrier type term مجلد
Carrier type code nc
Source rdacarrier
630 07 - SUBJECT ADDED ENTRY--UNIFORM TITLE
Uniform title جامع خادم الحرمين الشريفين الملك عبد الله بن عبد العزيز للسنة النبوية المطهرة (ملف حاسوب)
Form subdivision كتيبات، موجزات إرشادية، إلخ.
Source of heading or term aucsh
650 #7 - SUBJECT ADDED ENTRY--TOPICAL TERM
Topical term or geographic name entry element الحديث
General subdivision برامج حاسوب
Source of heading or term aucsh
730 0# - ADDED ENTRY--UNIFORM TITLE
Uniform title جامع خادم الحرمين الشريفين الملك عبد الله بن عبد العزيز للسنة النبوية المطهرة (ملف حاسوب)
942 ## - ADDED ENTRY ELEMENTS (KOHA)
Source of classification or shelving scheme Dewey Decimal Classification
Koha item type Books
Suppress in OPAC No
949 ## - LOCAL PROCESSING INFORMATION (OCLC)
a SA-JeALM
d 251123
u mohamedma123
n 1
Holdings
Withdrawn status Lost status Source of classification or shelving scheme Damaged status Not for loan Home library Current library Date acquired Total checkouts Full call number Barcode Date last seen Price effective from Koha item type
    Dewey Decimal Classification     DR AbdElwahab Library DR AbdElwahab Library 12/25/2025   230.285 ر ئ ا 000021998 12/25/2025 12/25/2025 Books